Geometry Dash - Oldest Demons of Each Difficulty - Statistics

General Stats
  • This quiz has been taken 27 times
  • The average score is 18 of 100
Answer Stats
Difficulty Publisher ID Answer % Correct
Easy Demon Jax 13519 The Nightmare
93%
Extreme Demon Riot 10565740 Bloodbath
87%
Extreme Demon Ggb0y 3979721 Cataclysm
73%
Insane Demon roadbose 814678 ICE Carbon Diablo X
67%
Extreme Demon saRy 2374518 Red World
67%
Easy Demon timeless real 55520 THE LIGHTNING ROAD
67%
Easy Demon M2coL 10109 demon park
60%
Extreme Demon TheRealSailent 4125776 Silent clubstep
53%
Extreme Demon KrmaL 19759411 Phobos
47%
Insane Demon WOOGI1411 4957691 Windy Landscape
47%
Extreme Demon Spectruh 8147005 Down Bass
40%
Extreme Demon Riot 20077821 Red World Rebirth
40%
Insane Demon Zobros 5155022 Acropolis
33%
Hard Demon Back 120432 Bicycle
33%
Insane Demon CreeperMILK 2487191 Creeper Force
33%
Medium Demon superhexagon 72540 demon world
33%
Medium Demon Rabbitical 56287 Extreme Park
33%
Insane Demon IIINePtunEIII 2241592 Necropolis
33%
Insane Demon Nox 4545425 Stalemate
33%
Extreme Demon TeamN2 15265393 The Hell Factory
33%
Extreme Demon TeamN2 16023141 A Bizarre Phantasm
27%
Extreme Demon Souls TRK 19300593 AcropoliX
27%
Extreme Demon bloodshot 12437428 Bass Cave
27%
Extreme Demon KrmaL 17711004 Conical Depression
27%
Extreme Demon KrmaL 20321297 Heartbeat
27%
Medium Demon PIS 74449 hell and heaven
27%
Insane Demon roadjunior 151941 ICE Carbon Zust
27%
Extreme Demon Step4enko 13314218 lezicuv
27%
Extreme Demon WOOGI1411 20142657 Pentakill
27%
Extreme Demon xSmokes 20159880 Plasma Pulse III
27%
Extreme Demon WOOGI1411 18697406 Retention
27%
Insane Demon MaJackO 260693 Stereo Demoness
27%
Insane Demon ZenthicAlpha 4706930 Supersonic
27%
Extreme Demon Andromeda GMD 7174110 The Ultimate Phase
27%
Easy Demon darnoc2 12556 To the Grave
27%
Insane Demon zaRIKU 249473 zirokabi
27%
Insane Demon BlackP2sFull 523638 Alphabet X
20%
Hard Demon MaJackO 99719 Silent Hill
20%
Hard Demon LunarSimg 152040 SIMG Factorial 4
20%
Hard Demon LunarSimg 227407 SIMG Factorial 5
20%
Hard Demon LunarSimg 295984 SIMG Factorial 6
20%
Easy Demon Jax 57730 Super Cycles
20%
Easy Demon TheRealDarnoc 70059 yStep
20%
Extreme Demon AranyaDeCueva 7676557 2 0
13%
Hard Demon Vlacc 109927 black off
13%
Easy Demon Player 74482 Crazy
13%
Easy Demon Rabbitical 135561 Extreme Fantasy
13%
Hard Demon Hiroquet 369214 Mr Mr
13%
Easy Demon Spawn 72282 OFFline
13%
Insane Demon Centuple 928589 Primary Maze
13%
Hard Demon roadbose 249090 Super Of Everything
13%
Insane Demon zaRIKU 171334 swiftness
13%
Insane Demon Megadere 918766 The JanuS Miracle
13%
Extreme Demon Astroboyzzz 14977845 Uprise
13%
Easy Demon Coke 110067 XYZ step
13%
Insane Demon OrcaSN 608361 XYZ Step Infinity
13%
Easy Demon sangchan 83434 69 machine
7%
Medium Demon darnoc2 130414 Beautiful Chaos
7%
Hard Demon pg1004 284555 bizarre milestone
7%
Medium Demon DemonBestGG 123247 Clutterfunk V2
7%
Hard Demon Rabbitical 180857 Definite Integral
7%
Insane Demon dhk2725 1782468 Dual Hexagon Force
7%
Insane Demon ZenthicAlpha 330157 HazardSector 1
7%
Easy Demon TheRealDarnoc 102765 Hextec Flow
7%
Easy Demon Gw Jumper 141457 Lightning world
7%
Insane Demon kracken 1946486 theory of troll
7%
Medium Demon PIS 131552 Cathedral
0%
Easy Demon sangchan 124354 ClutterFactory
0%
Hard Demon ruined 164422 Code Name Factory
0%
Medium Demon Mind crash 128930 cycles castle
0%
Medium Demon Partition 116474 dark hell
0%
Easy Demon DemonBestGG 113790 Death Cycles
0%
Hard Demon JiJangs 267443 deluxeedition
0%
Hard Demon Devil 193345 Demon machine
0%
Medium Demon Tagging 111010 demon of python
0%
Medium Demon VeryInactive 158646 demon road
0%
Hard Demon bbddee 153697 demons dry out
0%
Hard Demon GW Crepuscule 296176 Demon Sunrise
0%
Medium Demon pg1004 165155 dizzy
0%
Insane Demon nether 2000451 extreme chaos
0%
Medium Demon The Carrot 151076 Fake Factory
0%
Medium Demon ZurkQyulox 91402 FINAL DESTINATION
0%
Hard Demon Lightbulbb 241950 foxtail socks
0%
Medium Demon tunar98 134458 hard core
0%
Hard Demon Devil 218652 Horror maze
0%
Medium Demon dhk2725 160166 Is 1st hell gate 1
0%
Easy Demon Rabbitical 79939 Parallel World
0%
Hard Demon ZenthicAlpha 277142 Paranormal
0%
Easy Demon M2coL 142596 psychic escape
0%
Medium Demon mrlee 99361 Red sun
0%
Easy Demon chupda 125283 robtop
0%
Medium Demon Ark 144503 The Ambitious Trip
0%
Medium Demon Tagging 121377 the extreme maze
0%
Hard Demon Hm 189521 Time Adventure
0%
Easy Demon Duan 112849 TM Super Hard Mix
0%
Hard Demon pg1004 183427 torrential
0%
Insane Demon BlackP2sFull 698322 Twilight Step V2
0%
Easy Demon Hiroquet 149377 Twinkle
0%
Medium Demon Ark 116631 X mas Party
0%
Medium Demon Rabbitical 100091 x Zone
0%
No matching quizzes found
Score Distribution
Percent of People with Each Score
Percentile by Number Answered
Your Score History
You have not taken this quiz